000 00298nam a22001337a 4500
008 181224b xxu||||| |||| 00| 0 eng d
020 _a9780072834949
041 _aeng
080 _262
_a330.722
100 _a61
101 _aKON
245 _aAccounting Managerial
_cBrewer.G
942 _2udc
_cBK
999 _c53747
_d53747